India's New Capitalists: (Record no. 191155)

MARC details
000 -LEADER
fixed length control field 00642nam a22001817a 4500
005 - DATE AND TIME OF LATEST TRANSACTION
control field 20220822115408.0
010 ## - LCCN (DPL NO)
LC control number ENG-134522
020 ## - INTERNATIONAL STANDARD BOOK NUMBER
International Standard Book Number 9789351952794
Terms of availability 599.00
035 ## - SYSTEM CONTROL NUMBER
System control number EN-118054
037 ## - SOURCE OF ACQUISITION
Source of stock number/acquisition DBAD/PUB
082 ## - DEWEY DECIMAL CLASSIFICATION NUMBER
Classification number 338.0954
100 ## - MAIN ENTRY--PERSONAL NAME
Personal name Damodaran, Harish
245 ## - TITLE STATEMENT
Title India's New Capitalists:
Remainder of title Caste, Business, And Industry in a Modern Nation/
Statement of responsibility, etc Harish Damodaran
260 ## - PUBLICATION, DISTRIBUTION, ETC. (IMPRINT)
Place of publication, distribution, etc Gurugram
Name of publisher, distributor, etc Hachette Book Publishing India Pvt. Ltd
Date of publication, distribution, etc 2017
270 ## - ADDRESS
Address 4th & 5th Floors, Corporate Centre, Plot No. 94, Sector 44
City Gurugram
Postal code 122003
300 ## - PHYSICAL DESCRIPTION
Extent xxxv, 425p.
Other physical details Index
Dimensions 20cm(pbk)
942 ## - ADDED ENTRY ELEMENTS (KOHA)
Source of classification or shelving scheme Dewey Decimal Classification
Item type English Books
Classification part 338.0954
Call number suffix DAM
Holdings
Withdrawn status Lost status Not for loan Collection code Home library Current library Date acquired Source of acquisition Cost, normal purchase price Full call number Barcode Copy number Cost, replacement price Koha item type
      Non-fiction Ashok Vihar Ashok Vihar 22/08/2022 DBAD/PUB 599.00 338.0954 DAM EN-118054 1 599.00 English Books

© Delhi Public Library
Hit Counter
free hit counter